000
00204nam a2200097Ia 4500
008
230907s9999||||xx |||||||||||||| ||und||
082
_a
657
_b
MCL
245
0
_a
Accounting :
260
_c
2013
942
_c
BK
999
_c
598995
_d
598995